We help mommy (Record no. 82)

MARC details
000 -LEADER
fixed length control field 01734nam a22004937a 4500
001 - CONTROL NUMBER
control field 82
003 - CONTROL NUMBER IDENTIFIER
control field FISKH
005 - DATE AND TIME OF LATEST TRANSACTION
control field 20230222090056.0
008 - FIXED-LENGTH DATA ELEMENTS--GENERAL INFORMATION
fixed length control field 230222b cb ||||| |||| 00| 0 eng d
010 ## - LIBRARY OF CONGRESS CONTROL NUMBER
LC control number 2014930718
020 ## - INTERNATIONAL STANDARD BOOK NUMBER
International Standard Book Number 0385392737
020 ## - INTERNATIONAL STANDARD BOOK NUMBER
International Standard Book Number 9780385392730
040 ## - CATALOGING SOURCE
Original cataloging agency DLC
Language of cataloging eng
Description conventions rda
Transcribing agency DLC
Modifying agency FISKH
042 ## - AUTHENTICATION CODE
Authentication code pcc
-- lcac
050 00 - LIBRARY OF CONGRESS CALL NUMBER
Classification number PZ5
Item number .L7238 2015
082 00 - DEWEY DECIMAL CLASSIFICATION NUMBER
Classification number 813.54
Edition number 23
100 ## - MAIN ENTRY--PERSONAL NAME
Personal name Cushman, Jean
245 00 - TITLE STATEMENT
Title We help mommy
264 #1 - PRODUCTION, PUBLICATION, DISTRIBUTION, MANUFACTURE, AND COPYRIGHT NOTICE
Place of production, publication, distribution, manufacture Racine
Name of producer, publisher, distributor, manufacturer Golden Books
Date of production, publication, distribution, manufacture, or copyright notice 1959
300 ## - PHYSICAL DESCRIPTION
Extent 12 leaves of plates
Other physical details illustrations ;
Dimensions 21 cm.
336 ## - CONTENT TYPE
Content type term text
Content type code txt
Source rdacontent
336 ## - CONTENT TYPE
Content type term still image
Content type code sti
Source rdacontent
337 ## - MEDIA TYPE
Media type term unmediated
Media type code n
Source rdamedia
338 ## - CARRIER TYPE
Carrier type term volume
Carrier type code nc
Source rdacarrier
505 0# - FORMATTED CONTENTS NOTE
Formatted contents note Baby Dear / by Esther Wilkin ; illustrated by Eloise Wilkin -- We help Mommy / by Jean Ushman ; illustrated by Eloise Wilkin -- Mommies : all about the work they do / by Margo Lundell ; illustrated by Paul Meisel.
521 8# - TARGET AUDIENCE NOTE
Target audience note 500 <br/>
Source Lexile<br/>
521 8# - TARGET AUDIENCE NOTE
Target audience note H
Source Raz-Plus
650 #1 - SUBJECT ADDED ENTRY--TOPICAL TERM
Topical term or geographic name entry element Mothers
Form subdivision Fiction.
650 #1 - SUBJECT ADDED ENTRY--TOPICAL TERM
Topical term or geographic name entry element Mother and child
Form subdivision Fiction.
650 #1 - SUBJECT ADDED ENTRY--TOPICAL TERM
Topical term or geographic name entry element Babies
Form subdivision Fiction.
650 #1 - SUBJECT ADDED ENTRY--TOPICAL TERM
Topical term or geographic name entry element Dolls
Form subdivision Fiction.
650 #1 - SUBJECT ADDED ENTRY--TOPICAL TERM
Topical term or geographic name entry element Chores
Form subdivision Fiction.
650 #1 - SUBJECT ADDED ENTRY--TOPICAL TERM
Topical term or geographic name entry element Occupations
Form subdivision Fiction.
700 2# - ADDED ENTRY--PERSONAL NAME
Relationship information Container of (expression):
Personal name Wilkin, Esther,
Dates associated with a name 1903-1985.
Title of a work Baby Dear.
700 2# - ADDED ENTRY--PERSONAL NAME
Relationship information Container of (expression):
Personal name Ushman, Jean.
Title of a work We help Mommy.
700 2# - ADDED ENTRY--PERSONAL NAME
Relationship information Container of (expression):
Personal name Lundell, Margo.
Title of a work Mommies.
700 1# - ADDED ENTRY--PERSONAL NAME
Personal name Wilkin, Eloise,
Dates associated with a name 1904-1987,
Relator term illustrator.
700 1# - ADDED ENTRY--PERSONAL NAME
Personal name Meisel, Paul,
Relator term illustrator.
740 02 - ADDED ENTRY--UNCONTROLLED RELATED/ANALYTICAL TITLE
Uncontrolled related/analytical title Baby dear.
740 02 - ADDED ENTRY--UNCONTROLLED RELATED/ANALYTICAL TITLE
Uncontrolled related/analytical title We help mommy.
740 02 - ADDED ENTRY--UNCONTROLLED RELATED/ANALYTICAL TITLE
Uncontrolled related/analytical title Mommies, all about the work they do.
906 ## - LOCAL DATA ELEMENT F, LDF (RLIN)
a 7
b cbc
c origres
d 2
e ncip
f 20
g y-gencatlg
942 ## - ADDED ENTRY ELEMENTS (KOHA)
Source of classification or shelving scheme Dewey Decimal Classification
Koha item type Books
Suppress in OPAC No
Holdings
Withdrawn status Lost status Source of classification or shelving scheme Damaged status Not for loan Collection Home library Current library Shelving location Date acquired Total Checkouts Full call number Barcode Date last seen Date last checked out Price effective from Koha item type
    Library of Congress Classification     Juvenile Fiction Footprints International School Library Network Toul Kork Campus Footprints International School Library Network Toul Kork Campus   02/22/2023 3 CUS 813.54 PZ7.C9595 FISBK00215 09/06/2024 08/12/2024 02/22/2023 Books